000 01057nmc a2200397 a 4500
003 AR-BaBNM
005 20251128205031.0
008 126019s1995 ||||||||||||||000 | spa||
020 _a84-7509-705-7
040 _cAR-BaBNM
100 1 _aJameson, Fredric
245 1 0 _aEl posmodernismo o la lógica cultural del capitalismo avanzado
250 _a1ª ed.
260 _aBarcelona
_bPaidós
_c1995
300 0 _a121 p.
490 0 _aPaidós studio
_vv. 83
650 4 _aSOCIOLOGIA CULTURAL
650 4 _aCULTURA DE MASAS
650 4 _aHISTORIA
650 4 _aLITERATURA
650 4 _aCINE
650 4 _aMUSICA
650 4 _aMEDIOS DE COMUNICACION DE MASAS
650 4 _aARTE POP
650 4 _aSOCIOLOGIA DEL ARTE
650 4 _aCONTRACULTURAS
650 4 _aESTUDIOS SOCIALES
650 4 _aCULTUROLOGIA
650 4 _aVALORES CULTURALES
650 4 _aPRODUCCIONES CULTURALES
650 4 _aMODELOS CULTURALES
650 4 _aFILOSOFIA CULTURAL
700 1 _aPardo Torío, José Luis
_etraductor
942 _cBK
998 _cMARTIN
999 _c9725
_d9725